LEADER 05515nam 2200661 a 450 001 9910271003503321 005 20200520144314.0 010 $a1-119-42149-7 010 $a1-118-64690-8 010 $a1-118-64686-X 035 $a(CKB)2560000000102769 035 $a(EBL)1215807 035 $a(OCoLC)851972184 035 $a(SSID)ssj0000916187 035 $a(PQKBManifestationID)11524397 035 $a(PQKBTitleCode)TC0000916187 035 $a(PQKBWorkID)10875402 035 $a(PQKB)10934709 035 $a(MiAaPQ)EBC1215807 035 $a(Au-PeEL)EBL1215807 035 $a(CaPaEBR)ebr10720714 035 $a(CaONFJC)MIL499092 035 $a(PPN)221690859 035 $a(EXLCZ)992560000000102769 100 $a20130220d2013 uy 0 101 0 $aeng 135 $aur|n|---||||| 181 $ctxt 182 $cc 183 $acr 200 10$aPeri-implant therapy for the dental hygienist$b[electronic resource] $eclinical guide to maintenance and disease complications /$fSusan S. Wingrove 210 $aAmes, Iowa $cWiley Blackwell$d2013 215 $a1 online resource (212 p.) 300 $aDescription based upon print version of record. 311 $a0-470-96285-2 320 $aIncludes bibliographical references and index. 327 $aCover; Title page; Copyright page; Dedication; Contents; Contributor List; Acknowledgments; Foreword; 1: Implants 101: History, Implant Design, Parts, and Pieces; History; Dental implant history timeline; Implants; Implant design; Parts and pieces for implants; Implant dentistry terminology; Summary; References; 2: Patient Selection for Implant Therapy: Oral Systemic Health, Medical History, and Risk Assessment; Oral systemic health link to overall health; Cardiovascular/cerebrovascular (CV/CV) disease; Preterm birth/low birth weight; Diabetes; Respiratory disease 327 $aMedical history/risk assessmentBisphosphonates and BRONJ/BON; Xerostomia; Medical history/risk assessment forms; Summary; References; 3: What Lies Beneath the Surface? Natural Teeth, Bone, and Implant Placement; Natural teeth versus implants; Bone: it's all about the bone!; Four classifications of bone; Frequently asked questions; Bone loss; Bone regeneration overview; Implant surgery; Specialized implant placement; Summary; References; 4: Setting the Stage: Adjunctive Surgical Procedures, Restorative Options, and Treatment Planning; Adjunctive surgical procedures; Surgical therapy 327 $aSocket preservationGraft and/or barrier protection of the socket; Alveolar ridge and maxillary sinus augmentation; Sinus augmentation; Summary; Restorative options; Fixed (cement or screw-retained crown or bridge) implant options; Options for the edentulous arch; Specialty options pontic designs; Summary; Treatment planning overview; What can I expect to happen during the preliminary examination process?; Summary; References; 5: How to Talk to Patients about Implant Dentistry: Risks, Benefits, and Alternatives; What are the risks, benefits, and alternatives to replacing missing teeth?; Risks 327 $aBenefitsAlternatives; Bridges; Fixed full and partial denture; Summary of risks, benefits, and alternatives; Communication and motivation; Carla's stories; Value; Presenting treatment to patients; Generation overview; Summary; References; 6: AIM for Implant Success: Assess, Identify, and Monitor; Assess; Mechanical and biological component complications; Assessment: visual soft tissue; Assessment: probe and palpate for signs of peri-implant disease; Assessment: calculus and/or cement; Assessment: mobility; Assessment: pain; Assessment: bone level; Monitoring; Failing implant; Summary 327 $aReferences7: Implant Complications: Peri-Implant Disease and Cement Residue Protocol; What is the hygienist's role in restoratively driven implant complications?; Peri-implant disease; Protocol for peri-implant disease; Treatment and maintenance for implants with peri-implant disease; Cement residue complication; Hygienists' role in restoratively driven implant complications; Restorative classification; Failures and complications; Types of cements; Radiographic considerations; Management; Summary; References; 8: Implant Home Care Is Key!; Post-surgical home care 327 $aSingle, ball/Locator, mini, and bar-retained implants 330 $a"Peri-Implant Therapy for the Dental Hygienist is a comprehensive guide for implant history, prosthetic designs, and patient selection including oral systemic health and risk assessment. The text also discusses pre-surgical procedures, communicating with patients about implant dentistry, in-office maintenance protocols, plus new innovative home-care options to ensure success of the implant and overall health of the patient. An essential tool for dental hygienists to prepare to take on this very important challenge in the profession, Peri-Implant Therapy for the Dental Hygienist is a valuable resource for the entire dental team"--Provided by publisher. 606 $aDental implants 606 $aDental hygienists 606 $aDental implants$xSide effects 615 0$aDental implants. 615 0$aDental hygienists. 615 0$aDental implants$xSide effects. 676 $a617.6/93 700 $aWingrove$b Susan S$0982778 801 0$bMiAaPQ 801 1$bMiAaPQ 801 2$bMiAaPQ 906 $aBOOK 912 $a9910271003503321 996 $aPeri-implant therapy for the dental hygienist$92242810 997 $aUNINA